01226cam a2200241 a 450000100100000000500170001000800410002702000150006803500190008304000300010208200140013224501090014626001250025530000210038050002010040150400410060265000320064365000280067565000350070370000310073871000840076971101310085300001447420200929163845.0990203s1998 mx b 000 0 spa  a9686101942 a(DLC) 99169048 aDO-SdBNPbspacDLCdBNPHU a323bE24p00aEducación, paz y derechos humanos :bensayos y experiencias /ccoordinador Gerardo Pérez Viramontes. aJalisco :bInstituto Tecnológico y de Estudio Superiores de Occidente ;aPuebla :bUniversidad Iberoamericana,cc1998. a222 p. ;c22 cm. aDocumentos de la Paz para la Encuentro de Educación y los Derechos Humanos, Realizado del 16-19 de 1997, en el Instituto Tecnológico de Estudios Superiores de Occidente, Guadalajara, México. aIncludes bibliographical references. 4aDerechos humanoszMéxico. 4aEducación para la paz 4aSociología de la educación2 aPerez Viramontes, Gerardo.2 aInstituto Tecnologico de Estudios Superiores de Occidente (Guadalajara, Mexico)2 aEncuentro de Educacion para la Paz y los Derechos Humanosd(1997 :cInstituto Tecnologico de Estudios Superiores de Occidente)